[Event "Muensterland Verbandsliga Gr1 2223"]
[Site "Germany"]
[Date "2023.01.21"]
[Round "4.5"]
[White "Beckmann, Frank"]
[Black "Pohlmeier, Ulrich"]
[Result "1/2-1/2"]
[WhiteElo "1715"]
[BlackElo "1620"]
[PlyCount "97"]
[EventDate "2022.09.10"]
[EventType "team-tourn"]
[EventRounds "5"]
[EventCountry "GER"]
[SourceTitle "EXT 2024"]
[Source "ChessBase"]
[SourceDate "2023.10.10"]
[SourceVersion "1"]
[SourceVersionDate "2023.10.10"]
[SourceQuality "1"]
[WhiteTeam "Beelen"]
[BlackTeam "Rheine Klein Berlin II"]
[WhiteTeamCountry "GER"]
[BlackTeamCountry "GER"]

1. d4 Nf6 2. Nf3 g6 3. c4 Bg7 4. Nc3 d6 5. e3 0-0 6. Be2 Re8 7. 0-0 Nc6 8. a3 a5 9. b3 e5 10. dxe5 dxe5 11. Bb2 Qxd1 12. Raxd1 Bf5 13. Rd2 Ne4 14. Nxe4 Bxe4 15. Ng5 Bf5 16. e4 Be6 17. Nxe6 Rxe6 18. Rd7 Rd6 19. Rxd6 cxd6 20. Rd1 Rd8 21. Rd5 b6 22. Bc1 Nd4 23. Bd1 f5 24. f3 f4 25. Bd2 Kf7 26. Kf2 Ke6 27. Bc3 Nc6 28. b4 axb4 29. axb4 Ne7 30. Rd2 Ra8 31. Bb3 Ra3 32. Rb2 Kd7 33. Ke2 Nc6 34. Kd3 Bf6 35. Kc2 Bh4 36. Ra2 Rxa2+ 37. Bxa2 Bf2 38. Bb3 g5 39. Ba4 Kc7 40. Bxc6 Kxc6 41. h3 Be3 42. Kd3 Bg1 43. Bb2 Bf2 44. Ba3 h5 45. Bb2 Be1 46. Bc3 Bf2 47. Ke2 Bg1 48. Kd3 Bf2 49. Ke2 1/2-1/2

[Event "Muensterland Verbandsliga Gr1 2223"]
[Site "Germany"]
[Date "2022.10.22"]
[Round "2.6"]
[White "Hussein, Zaman"]
[Black "Beckmann, Frank"]
[Result "1-0"]
[WhiteElo "1674"]
[BlackElo "1715"]
[PlyCount "37"]
[EventDate "2022.09.10"]
[EventType "team-tourn"]
[EventRounds "5"]
[EventCountry "GER"]
[SourceTitle "EXT 2024"]
[Source "ChessBase"]
[SourceDate "2023.10.10"]
[SourceVersion "1"]
[SourceVersionDate "2023.10.10"]
[SourceQuality "1"]
[WhiteTeam "Emsdetten Rochade II"]
[BlackTeam "Beelen"]
[WhiteTeamCountry "GER"]
[BlackTeamCountry "GER"]

1. e4 e6 2. d4 d5 3. Nc3 dxe4 4. Nxe4 Nf6 5. Nxf6+ Qxf6 6. Nf3 h6 7. Bd3 Bd6 8. 0-0 0-0 9. Re1 b6 10. Be4 c6 11. Ne5 Bxe5 12. dxe5 Qe7 13. Qf3 Bb7 14. Qg3 Kh8 15. Bf4 c5 16. Qh3 Bxe4 17. Rxe4 Kh7 18. Qd3 Rd8 19. Rd4+ 1-0

[Event "Muensterland Verbandsliga 2122"]
[Site "Germany"]
[Date "2021.11.13"]
[Round "2.7"]
[White "Schulte, Ralf"]
[Black "Beckmann, Frank"]
[Result "1/2-1/2"]
[WhiteElo "1770"]
[BlackElo "1738"]
[PlyCount "33"]
[EventDate "2021.10.02"]
[EventType "team-tourn"]
[EventRounds "2"]
[EventCountry "GER"]
[SourceTitle "EXT 2023"]
[Source "ChessBase"]
[SourceDate "2022.10.05"]
[SourceVersion "1"]
[SourceVersionDate "2022.10.05"]
[SourceQuality "1"]
[WhiteTeam "Emsdetten Rochade II"]
[BlackTeam "Beelen"]
[WhiteTeamCountry "GER"]
[BlackTeamCountry "GER"]

1. d4 d5 2. Nf3 Nf6 3. c4 e6 4. Nc3 b6 5. Bg5 Bb7 6. cxd5 exd5 7. e3 Nbd7 8. Bd3 Be7 9. 0-0 0-0 10. Rc1 Rc8 11. h3 c5 12. Bf4 a6 13. a4 Ne4 14. Be2 Ndf6 15. Ne5 Re8 16. Re1 c4 17. Qc2 1/2-1/2

[Event "Muensterland Verbandsliga 1920"]
[Site "Germany"]
[Date "2019.11.30"]
[Round "4.7"]
[White "Beckmann, Frank"]
[Black "Weist, Thorsten"]
[Result "1/2-1/2"]
[WhiteElo "1741"]
[BlackElo "1728"]
[PlyCount "62"]
[EventDate "2019.09.07"]
[EventType "team-tourn"]
[EventRounds "7"]
[EventCountry "GER"]
[SourceTitle "EXT 2023"]
[Source "ChessBase"]
[SourceDate "2022.10.05"]
[SourceVersion "1"]
[SourceVersionDate "2022.10.05"]
[SourceQuality "1"]
[WhiteTeam "Beelen"]
[BlackTeam "Nienberge II"]
[WhiteTeamCountry "GER"]
[BlackTeamCountry "GER"]

1. d4 Nf6 2. Nf3 g6 3. e3 Bg7 4. c4 d6 5. Nc3 0-0 6. Be2 Nbd7 7. 0-0 e5 8. Qc2 Qe7 9. Nd5 Nxd5 10. cxd5 e4 11. Nd2 Nf6 12. Qc4 Ne8 13. Re1 f5 14. Nf1 g5 15. g3 Bh6 16. f4 exf3 17. Bxf3 f4 18. Qe2 Nf6 19. exf4 Qxe2 20. Rxe2 g4 21. Bg2 Bd7 22. Bd2 Bg7 23. Be3 Rfe8 24. Rae1 Bb5 25. Rc2 Re7 26. Bf2 Rae8 27. Rxe7 Rxe7 28. Ne3 Bd3 29. Rd2 Bg6 30. Rd1 h5 31. Kf1 Kf7 1/2-1/2

[Event "Muensterland Verbandsliga 1920"]
[Site "Germany"]
[Date "2019.09.28"]
[Round "2.7"]
[White "Beckmann, Frank"]
[Black "Hoge, Reinhard"]
[Result "1/2-1/2"]
[WhiteElo "1741"]
[BlackElo "1878"]
[PlyCount "82"]
[EventDate "2019.09.07"]
[EventType "team-tourn"]
[EventRounds "7"]
[EventCountry "GER"]
[SourceTitle "EXT 2023"]
[Source "ChessBase"]
[SourceDate "2022.10.05"]
[SourceVersion "1"]
[SourceVersionDate "2022.10.05"]
[SourceQuality "1"]
[WhiteTeam "Beelen"]
[BlackTeam "Saerbeck"]
[WhiteTeamCountry "GER"]
[BlackTeamCountry "GER"]

1. d4 Nf6 2. Nf3 g6 3. e3 Bg7 4. c4 0-0 5. Nc3 c5 6. d5 d6 7. h3 e6 8. Be2 exd5 9. Nxd5 Nxd5 10. Qxd5 Nc6 11. a3 Be6 12. Qd1 Na5 13. Qc2 d5 14. Nd2 Bf5 15. Qa4 a6 16. cxd5 b5 17. Qf4 Re8 18. e4 Qe7 19. Bf3 Be5 20. Qe3 Bd4 21. Qe2 Bxe4 22. Nxe4 Nb3 23. Rb1 Nxc1 24. Rxc1 f5 25. Nxc5 Qg5 26. Ne6 Qxc1+ 27. Qd1 Rac8 28. 0-0 Qxd1 29. Rxd1 Be5 30. Rd2 Bd6 31. Kf1 h6 32. g3 Kf7 33. Ke2 Rc1 34. Kd3 Rec8 35. Nd4 Bc5 36. Nb3 Rf1 37. Nxc5 Rxc5 38. Kd4 Rcc1 39. Ke5 Ke7 40. d6+ Kd7 41. Kf6 Rfe1 1/2-1/2

[Event "Muensterland Verbandsklasse 1819"]
[Site "Germany"]
[Date "2018.11.17"]
[Round "3.4"]
[White "Scharlow, Siegmar"]
[Black "Beckmann, Frank"]
[Result "1/2-1/2"]
[WhiteElo "1689"]
[BlackElo "1734"]
[PlyCount "35"]
[EventDate "2018.09.15"]
[EventType "team-tourn"]
[EventRounds "9"]
[EventCountry "GER"]
[SourceTitle "EXT 2020"]
[Source "ChessBase"]
[SourceDate "2019.10.17"]
[SourceVersion "1"]
[SourceVersionDate "2019.10.17"]
[SourceQuality "1"]
[WhiteTeam "Nienberge II"]
[BlackTeam "Beelen II"]
[WhiteTeamCountry "GER"]
[BlackTeamCountry "GER"]

1. d4 d5 2. c4 c6 3. Nc3 Nf6 4. Bg5 e6 5. cxd5 cxd5 6. e3 Be7 7. Nf3 Nc6 8. Bd3 Bd7 9. 0-0 0-0 10. h3 a6 11. a3 Rc8 12. Rc1 Na5 13. Ne5 h6 14. Bf4 b5 15. b4 Nc4 16. Nxc4 bxc4 17. Bc2 a5 18. Rb1 1/2-1/2

[Event "GER-chT10 KJ-31 Br01 email"]
[Site "GER email"]
[Date "2013.10.04"]
[Round "?"]
[White "Sielaff, Rudolf"]
[Black "Beckmann, Frank"]
[Result "1/2-1/2"]
[WhiteElo "2114"]
[BlackElo "2136"]
[PlyCount "41"]
[EventDate "2013.10.15"]
[EventType "tourn (corr)"]
[EventRounds "4"]
[EventCountry "GER"]
[SourceTitle "Corr 2015"]
[Source "ChessBase"]
[SourceDate "2015.07.17"]
[SourceVersion "1"]
[SourceVersionDate "2015.07.17"]
[SourceQuality "1"]

1. d4 Nf6 2. c4 e6 3. Nc3 Bb4 4. f3 d5 5. a3 Bxc3+ 6. bxc3 c5 7. cxd5 Nxd5 8. dxc5 f5 9. e4 fxe4 10. Qc2 e3 11. Bd3 Nd7 12. Ne2 Nxc5 13. 0-0 Nxd3 14. Qxd3 0-0 15. Bxe3 Nf6 16. Qxd8 Rxd8 17. Rfd1 Rxd1+ 18. Rxd1 Bd7 19. c4 e5 20. Nc3 Kf7 21. Ne4 1/2-1/2

[Event "GER-chT9 LI-23 Br02 email"]
[Site "GER email"]
[Date "2011.10.17"]
[Round "?"]
[White "Zylla, Johannes"]
[Black "Beckmann, Frank"]
[Result "0-1"]
[WhiteElo "1962"]
[BlackElo "2153"]
[PlyCount "28"]
[EventDate "2011.10.23"]
[EventType "tourn (corr)"]
[EventRounds "10"]
[EventCountry "GER"]
[SourceTitle "Corr 2015"]
[Source "ChessBase"]
[SourceDate "2015.07.17"]
[SourceVersion "1"]
[SourceVersionDate "2015.07.17"]
[SourceQuality "1"]

1. d4 Nf6 2. c4 e6 3. Nc3 Bb4 4. Bg5 c5 5. d5 h6 6. Bh4 d6 7. e3 Bxc3+ 8. bxc3 Qe7 9. Nf3 b6 10. Bd3 Nbd7 11. e4 exd5 12. cxd5 g5 13. Bg3 c4 14. Qa4 cxd3 0-1